Аграрный кризис. Кн. 2: Австрия. Бельгия. Германия. Голландия. Дания. Испания. Италия. Норвегия. Франция. Швейцария. Швеция (Запись № 13560453)
[ простой вид ]
| 000 -МАРКЕР | |
|---|---|
| контрольное поле | 01684nam2a2200373 4500 |
| 001 - ИДЕНТИФИКАТОР ЗАПИСИ | |
| контрольное поле | rc\2636657 |
| 005 - ИДЕНТИФИКАТОР ВЕРСИИ | |
| контрольное поле | 20260406093401.0 |
| 035 ## - ДРУГИЕ СИСТЕМНЫЕ НОМЕРА | |
| Идентификатор записи | (NLR Aleph) 006944921 |
| 100 ## - ДАННЫЕ ОБЩЕЙ ОБРАБОТКИ | |
| Данные общей обработки | 20110601d1932 u y0rusy50 ca |
| 101 0# - ЯЗЫК РЕСУРСА | |
| Язык текста, звукозаписи и т.д. | русский |
| 102 ## - СТРАНА ПУБЛИКАЦИИ ИЛИ ПРОИЗВОДСТВА | |
| Страна публикации | Российская Федерация |
| 105 ## - ПОЛЕ КОДИРОВАННЫХ ДАННЫХ: ТЕКСТОВЫЕ МАТЕРИАЛЫ, МОНОГРАФИЧЕСКИЕ | |
| Кодированные данные о монографическом текстовом документе | a z ||||| |
| 200 1# - ЗАГЛАВИЕ И СВЕДЕНИЯ ОБ ОТВЕТСТВЕННОСТИ | |
| Основное заглавие | Австрия. Бельгия. Германия. Голландия. Дания. Испания. Италия. Норвегия. Франция. Швейцария. Швеция |
| Первые сведения об ответственности | Антонов, В., Дигернес, И., Кемпер, М., Лукьянов, С., Мази, К., Минлос, Б., Гигаттен, Фр., Розенфельд, М., Турок, В., Шафир, Я., Штейнбергер, Н. |
| 210 ## - ПУБЛИКАЦИЯ, РАСПРОСТРАНЕНИЕ И ДР. | |
| Дата издания, распространения и т.д. | 1932 |
| 215 ## - ФИЗИЧЕСКАЯ ХАРАКТЕРИСТИКА | |
| Специфическое обозначение материала и объем | Обл., [3], 352 с. |
| Другие сведения о физической характеристике | граф. |
| 461 #0 - УРОВЕНЬ НАБОРА | |
| Встроенное поле | 001rc\2636656 |
| -- | 2001#$aАграрный кризис$e[Сборник статей]$vКн. 2 |
| Системный номер (АБИС) связанной записи | 5189250 |
| Место публикации | Москва |
| Дата публикации | 1932 |
| Имя издателя, распространителя и т.д. | изд-во и тип. МАИ |
| Сведения, относящиеся к заглавию | [Сборник статей] |
| Заглавие | Аграрный кризис |
| Номер тома | Кн. 2 |
| 701 #1 - ИМЯ ЛИЦА - АЛЬТЕРНАТИВНАЯ ОТВЕТСТВЕННОСТЬ | |
| Начальный элемент ввода | Антонов |
| Часть имени, кроме начального элемента ввода | В. |
| 701 #1 - ИМЯ ЛИЦА - АЛЬТЕРНАТИВНАЯ ОТВЕТСТВЕННОСТЬ | |
| Начальный элемент ввода | Дигернес |
| Часть имени, кроме начального элемента ввода | И. |
| 701 #1 - ИМЯ ЛИЦА - АЛЬТЕРНАТИВНАЯ ОТВЕТСТВЕННОСТЬ | |
| Начальный элемент ввода | Кемпер |
| Часть имени, кроме начального элемента ввода | М. |
| 701 #1 - ИМЯ ЛИЦА - АЛЬТЕРНАТИВНАЯ ОТВЕТСТВЕННОСТЬ | |
| Начальный элемент ввода | Лукьянов |
| Часть имени, кроме начального элемента ввода | С. |
| 701 #1 - ИМЯ ЛИЦА - АЛЬТЕРНАТИВНАЯ ОТВЕТСТВЕННОСТЬ | |
| Начальный элемент ввода | Мази |
| Часть имени, кроме начального элемента ввода | К. |
| 701 #1 - ИМЯ ЛИЦА - АЛЬТЕРНАТИВНАЯ ОТВЕТСТВЕННОСТЬ | |
| Начальный элемент ввода | Минлос |
| Часть имени, кроме начального элемента ввода | Б. |
| 701 #1 - ИМЯ ЛИЦА - АЛЬТЕРНАТИВНАЯ ОТВЕТСТВЕННОСТЬ | |
| Начальный элемент ввода | Гигаттен |
| Часть имени, кроме начального элемента ввода | Фр. |
| 701 #1 - ИМЯ ЛИЦА - АЛЬТЕРНАТИВНАЯ ОТВЕТСТВЕННОСТЬ | |
| Начальный элемент ввода | Розенфельд |
| Часть имени, кроме начального элемента ввода | М. |
| 701 #1 - ИМЯ ЛИЦА - АЛЬТЕРНАТИВНАЯ ОТВЕТСТВЕННОСТЬ | |
| Графика поля | Кириллица |
| Материалы, к которым относится поле | rus |
| Начальный элемент ввода | Турок-Попов |
| Часть имени, кроме начального элемента ввода | В. М. |
| Даты | 1904-1981 |
| Расширение инициалов личного имени | Владимир Михайлович |
| Идентификатор авторитетной/нормативной записи | RU\NLR\AUTH\770285100 |
| Системный номер авторитетной/нормативной записи | 2679991 |
| 701 #1 - ИМЯ ЛИЦА - АЛЬТЕРНАТИВНАЯ ОТВЕТСТВЕННОСТЬ | |
| Начальный элемент ввода | Шафир |
| Часть имени, кроме начального элемента ввода | Я. |
| 701 #1 - ИМЯ ЛИЦА - АЛЬТЕРНАТИВНАЯ ОТВЕТСТВЕННОСТЬ | |
| Начальный элемент ввода | Штейнбергер |
| Часть имени, кроме начального элемента ввода | Н. |
| 801 #0 - ИСТОЧНИК ЗАПИСИ | |
| Страна | Российская Федерация |
| Организация | NLR |
| Правила каталогизации | psbo |
| 801 #1 - ИСТОЧНИК ЗАПИСИ | |
| Страна | Российская Федерация |
| Организация | ELAR |
| Источник данных | rusmarc |
| 852 ## - МЕСТОНАХОЖДЕНИЕ И ШИФР ХРАНЕНИЯ | |
| Идентификатор организации | NLR |
| Шифр хранения (Call Number) | 31-17/288(2) |
| 942 ## - ДОПОЛНИТЕЛЬНЫЕ ЭЛЕМЕНТЫ ЗАПИСИ (АБИС) | |
| Тип экземпляра АБИС | Неопределено |
| 980 ## - КОЛЛЕКЦИЯ | |
| Название коллекции | Национальная библиография |
Нет доступных экземпляров.